000 00864nam a22002297a 4500
999 _c19115
_d19115
003 AR-CdUCM
008 190516b ||||| |||| 00| 0 spa d
040 _aMUNICIPALIDAD PROVINCIAL DEL CUSCO
_cBIBLIOTECA MUNICIPAL DEL CUSCO
041 _hru
082 _a320.509 /
_bP74
100 _aPokrovski, V.S.
_940254
245 _aHistoria de las ideas políticas /
260 _aMéxico, D.F :
_bGrijalbo,
_c1966.
300 _a621 páginas ;
_c23 cm.
505 _aContenido: Las teorías políticas del antiguo oriente -- Las teorías políticas de la antigua Grecia -- Las teorías políticas y jurídicas de la Roma eclesiástica...
650 _aCiencia política
_91775
650 _aHistoria
_9136
650 _aCiencias económicas
_97537
700 _aMarín Sánchez, Carlos (traducción)
_940255
942 _2ddc
_cLIBROS
945 _adavv
_d2019-05-16